Descripción y análisis de los aerolitos que cayeron en el distrito de Cangas de Onís (Asturias) el dia 6 de diciembre de 1866 / (Record no. 158176)

MARC details
000 -LEADER
campo de control de longitud fija 00972nam a2200205 i 4500
001 - NÚMERO DE CONTROL
campo de control 158176
003 - IDENTIFICADOR DE NÚMERO DE CONTROL
campo de control ES-MaACL
005 - FECHA Y HORA DE LA ÚLTIMA TRANSACCIÓN
campo de control 20250716063315.0
008 - DATOS DE LONGITUD FIJA--INFORMACIÓN GENERAL
campo de control de longitud fija 990326s1874 sp |||| | spa d
100 1# - ENTRADA PRINCIPAL--NOMBRE DE PERSONA
Nombre de persona Luanco, José Ramón de,
Fechas asociadas al nombre 1825-1905
9 (RLIN) 74486
245 10 - MENCIÓN DEL TÍTULO
Título Descripción y análisis de los aerolitos que cayeron en el distrito de Cangas de Onís (Asturias) el dia 6 de diciembre de 1866 /
Mención de responsabilidad, etc. por José Ramón de Luanco.
260 ## - PUBLICACIÓN, DISTRIBUCIÓN, ETC.
Lugar de publicación, distribución, etc. Madrid :
Nombre del editor, distribuidor, etc. [s.n.],
Fecha de publicación, distribución, etc. 1874 (
Fabricante Imp. de T. Fortanet)
300 ## - DESCRIPCIÓN FÍSICA
Extensión 27 p., [1] h. de lám. ;
Dimensiones 24 cm.
530 ## - NOTA DISPONIBLE DE FORMULARIO FÍSICO ADICIONAL
Nota de formato físico adicional disponible Disponible en formato digital.
595 ## -
-- Separata de: Anales de la Sociedad Española de Historia Natural, t. III.
650 #4 - PUNTO DE ACCESO ADICIONAL DE MATERIA--TÉRMINO DE MATERIA
Término de materia o nombre geográfico como elemento de entrada Meteoritos-
Subdivisión geográfica Cangas de Onís.
9 (RLIN) 150721
852 4# - LOCALIZACIÓN
Ubicación ES-MaACL
Número de control de estantería T-674-F-11
Nota libre - Enc. hol. conservando cub. original
-- - Enc. en un vol. facticio
856 4# - LOCALIZACIÓN Y ACCESO ELECTRÓNICOS
Identificador Uniforme de Recursos <a href="http://bdh-rd.bne.es/viewer.vm?id=0000077232&page=1 ">http://bdh-rd.bne.es/viewer.vm?id=0000077232&page=1 </a>
Nota pública Biblioteca Digital Hispánica
Holdings
Estatus retirado Estado de pérdida Estado de daño No para préstamo Colección Biblioteca de origen Biblioteca actual Ubicación en estantería Fecha de adquisición Total de préstamos Signatura topográfica completa Código de barras Visto por última vez Precio de reemplazo Tipo de ítem Koha
        Colección de folletos Biblioteca del Ateneo de Madrid Biblioteca del Ateneo de Madrid Depósito folletos 17/01/2008   T-674-F-11 1165546 23/02/2023 23/02/2023 Folleto